000 00971nam a2200217Ii 4500
003 JO-AjNU
008 230605s9999||||xx |||||||||||||| ||und||
017 _a1992/6/370
040 _aJO-AjNU
_bara
_erda
_cJO-AjNU
041 _aara
050 1 4 _aHV 888 .K438 2011
100 3 _aالخطيب، جمال / م.مشارك: منى الحديدي، عبدالعزيز السرطاوي,
_eauthor
_928650
245 0 0 _aإرشاد اسر الاطفال ذوي الحاجات الخاصة: قراءات حديثة
250 _aط3
264 3 1 _aعمان، الكويت: دار حنين للنشر والتوزيع، مكتبة الفلاح للنشر والتوزيع، 2011
300 _a392ص
_bيحتوي على ببلوغرافية من 391-392ص
336 _atext
_btxt
_2rdacontent
337 _aunmediated
_bn
_2rdamedia
338 _avolume
_bnc
_2rdacarrier
650 4 _aالأطفال المعوقون - رعاية وعلاج - خدمات اجتماعية
_928651
999 _aA11139
_c14707
_d14707